01482nam a2200301Ia 4500003000400000005001700004008004100021020002900062040001700091082002200108100001900130245004800149250001200197260002500209300002000234500003900254650001300293650001900306650001700325942000900342952013600351952013600487952013600623952013600759952013600895952013601031999001301167IIN20240125115032.0231217s9999 xx 000 0 und d cRs.875.00a9789388902755 aIINbEnglish a611 bCHA1 aChaurasia, BD 1 aBD Chaurasia's Human Anatomy cBD Chaurasia a 8th ed bCBSaNew Delhic2021 axx, 220 p. V. 4 a V. 4: Brain Neuroanatomy1 aAnatomy 1 aHuman Anatomy 1 aNeuroanatomy cBOOK 00102ddc40708Purches BookaIINbIINd2023-12-17g875.00l0o611 CHAp130r2023-12-17 21:32:13tVol. 4w2023-12-17yBOOK 00102ddc40708Purches BookaIINbIINd2023-12-17g875.00l0o611 CHAp131r2023-12-17 21:32:13tVol. 4w2023-12-17yBOOK 00102ddc40708Purches BookaIINbIINd2023-12-17g875.00l0o611 CHAp132r2023-12-17 21:32:13tVol. 4w2023-12-17yBOOK 00102ddc40708Purches BookaIINbIINd2023-12-17g875.00l0o611 CHAp133r2023-12-17 21:32:13tVol. 4w2023-12-17yBOOK 00102ddc40708Purches BookaIINbIINd2023-12-17g875.00l0o611 CHAp134r2023-12-17 21:32:13tVol. 4w2023-12-17yBOOK 00102ddc40708Purches BookaIINbIINd2023-12-17g875.00l0o611 CHAp135r2023-12-17 21:32:13tVol. 4w2023-12-17yBOOK c135d135